000 01019pam a2200301 a 4500
001 3859
003 FISKH
005 20240520081002.0
008 240520b cb ||||| |||| 00| 0 fre d
010 _a 90003152
020 _a0803708645 (lib. bdg.)
020 _z0803706737 (hard)
040 _aDLC
_cDLC
_dDLC
_beng
042 _alcac
050 0 0 _aPZ7.B413
_bSe 1990
082 0 0 _a[Fic]
_220
100 1 _aBellairs, John.
245 1 0 _aLe Secret de la salle souterraine /
_cJohn Bellairs
260 _aNew York :
_bEditions Du Rochier,
_c1990
300 _a178 pages :
_c22 cm
520 _aWhen Father Higgins disappears, Johnny Dixon and Professor Childermass discover disturbing clues which lead them to England and an encounter with a long-dead knight.
650 1 _aMystery and detective stories.
650 1 _aKnights and knighthood
_xFiction.
651 1 _aEngland
_xFiction.
906 _a7
_bcbc
_corignew
_d1
_eocip
_f19
_gy-gencatlg
942 _2ddc
_cBK
_n0
999 _c3859
_d3859